000 00337nam a22001457a 4500
003 SGT
020 _a978-93-91208-06-6
082 _a615.19
_bVIS
100 _aKUMAR, DR. RAJEEV
245 _aPHARMACEUTICAL CHEMISTRY -1
260 _aINDIA
_bIP PUB.
_c2021
300 _a204
650 _aPHARMACEUTICAL CHEMISTRY
942 _2ddc
_cBK
999 _c34189
_d34189